000 00627nam a2200205 i 4500
001 110592
003 ES-MaACL
005 20231204170721.0
007 t|
008 070206s1917 sp ||||1| spa d
080 _a821.134.2-32"19"
100 1 _aCastro, Cristóbal de,
_d1874-1953
_936843
245 1 4 _aLas insaciables
_b: novela inédita /
_cpor Cristóbal de Castro.
260 _a[Madrid :
_bLa Novela Corta,
_c1917]
300 _a[24] p. ;
_c20 cm.
490 1 _aLa novela corta ;
_v78
830 0 _aLa novela corta ;
_v78
_9182142
852 _aES-MaACL
_j2213-F-6
_bR.138614
999 _c110592
_d110592